| 000 | 00403nam a22001697a 4500 | ||
|---|---|---|---|
| 005 | 20160624093750.0 | ||
| 008 | 160624b xxu||||| |||| 00| 0 eng d | ||
| 020 | _a978-81-224-2132-3 | ||
| 041 | _aeng | ||
| 082 | _b9669 | ||
| 100 |
_aBarrois _92622 |
||
| 245 | _a501, English verbs | ||
| 260 |
_bNew Age International Publications _c2008 |
||
| 300 | _a643 | ||
| 650 |
_aManagement _9241 |
||
| 942 | _cBK | ||
| 999 |
_c3742 _d3741 |
||